| 000 | 00480nam a2200181Ia 4500 | ||
|---|---|---|---|
| 003 | LDD | ||
| 008 | 190327s9999 xx 000 0 und d | ||
| 020 | _c300 | ||
| 040 | _cLDD | ||
| 082 | _a8H3.7 भा6442क | ||
| 100 | _aभारती, दत्त | ||
| 245 | 0 | _aकलंक | |
| 260 |
_aदिल्ली _bहिन्द पॉकेट बुक्स _c1971 |
||
| 300 | _a223पृ. | ||
| 500 | _aGifted by : B.N. Kaul | ||
| 942 |
_2ddc _cBK |
||
| 949 | _aG014583 | ||
| 999 |
_c193059 _d193059 |
||